Financing of small and medium enterprise for aquaculture farm the case study in kandal province, ហិរញ្ញវត្ថុនៃកសិដ្ឋានវារីវប្បកម្មសហគ្រាសខ្នាតតូច និងមធ្យម ករណីសិក្សាក្នុង ខេត្តកណ្ដាល. (Record no. 3953)

000 -LEADER
fixed length control field 00756nam a22001577a 4500
003 - CONTROL NUMBER IDENTIFIER
control field OSt
005 - DATE AND TIME OF LATEST TRANSACTION
control field 20151203160601.0
008 - FIXED-LENGTH DATA ELEMENTS--GENERAL INFORMATION
fixed length control field 151203b xxu||||| |||| 00| 0 eng d
040 ## - CATALOGING SOURCE
Transcribing agency RUA
082 ## - DEWEY DECIMAL CLASSIFICATION NUMBER
Classification number FIS BUN 2007 B179 Or.1
100 ## - MAIN ENTRY--PERSONAL NAME
9 (RLIN) 4237
Personal name BUN MENGSREA; ប៊ុន ម៉េងស្រ៊ា
245 ## - TITLE STATEMENT
Title Financing of small and medium enterprise for aquaculture farm the case study in kandal province, ហិរញ្ញវត្ថុនៃកសិដ្ឋានវារីវប្បកម្មសហគ្រាសខ្នាតតូច និងមធ្យម ករណីសិក្សាក្នុង ខេត្តកណ្ដាល.
260 ## - PUBLICATION, DISTRIBUTION, ETC. (IMPRINT)
Place of publication, distribution, etc. Phnom Penh
Name of publisher, distributor, etc. RUA
Date of publication, distribution, etc. 2007
300 ## - PHYSICAL DESCRIPTION
Extent xii; 48p.
Other physical details ill.
Dimensions 29cm.
942 ## - ADDED ENTRY ELEMENTS (KOHA)
Source of classification or shelving scheme
Koha item type FIS
Holdings
Price effective from Date last seen Permanent Location Not for loan Date acquired Source of classification or shelving scheme Koha item type Barcode Lost status Damaged status Shelving location Withdrawn status Current Location Full call number
2015-12-032015-12-03Library Block B 2015-12-03 FISRUA010512  B179 Library Block BFIS BUN 2007 B179 Or.1
2015-12-032015-12-03Library Block B 2015-12-03 FISRUA010440  B179 Library Block BFIS BUN 2007 B179 Or.2
2015-12-032015-12-03Library Block B 2015-12-03 FISRUA026671  B179 Library Block BFIS BUN 2007 B179 Or.3
2015-12-032015-12-03Library Block B 2015-12-03 FISRUA010712  B179 Library Block BFIS BUN 2007 B179 Or.4
2015-12-032015-12-03Library Block B 2015-12-03 FISRUA010522  B179 Library Block BFIS BUN 2007 B179 Or.5
2015-12-032015-12-03Library Block B 2015-12-03 FISRUA010220  B179 Library Block BFIS BUN 2007 B179 Or.6
មជ្ឈមណ្ឌលឯការនៃសាកលវិទ្យាល័យភូមិន្ទកសិកម្មចំការដូង

Powered by Koha